Questions-réponses sur Brive - Statistiques

Statistiques générales
  • Ce quiz a été pris 51 fois
  • Le résultat moyen est 10 sur 16
Statistiques - réponses
Questions Réponses % Correct
Nom complet de la ville de Brive. Brive-la-Gaillarde
100%
Rivière qui traverse Brive. La Corrèze
86%
Nom donné aujourd'hui aux habitants de Brive. Les Brivistes
84%
Sport dans lequel le club de Brive est devenu champion d'Europe en 1997. Le rugby
82%
Fleuve dont la précédente est un affluent et dont la rivière qui coule à Brive est donc un sous-affluent. La Dordogne
73%
Grotte célèbre pour ses peintures rupestres datant du Paléolithique supérieur, située à environ 38 kilomètres au sud-ouest de Brive. La grotte de Lascaux
70%
Champignon parfois appelé le "diamant noir" que l'on peut récolter dans la région. Durant la période dite des "Foires grasses" à Brive, entre fin novembre et fin février ou début mars, un marché contrôlé de la vente de ce mets se tient tous les samedis dans la ville. La truffe
68%
Ancienne province du Royaume de France puis région administrative de la République française (jusqu'en 2016) dont faisait partie Brive. Le Limousin
66%
Guerre au cours de laquelle la ville de Brive a acquis le surnom précédent pour sa résistance face aux assauts répétés des Anglais. La Guerre de Cent ans
64%
Ville située à environ 27 kilomètres à l'est de Brive, surnommée "La ville aux sept collines", connue pour sa dentelle et sa fabrication d'accordéons. Ville où sévit le "corbeau" durant l'entre-deux-guerre, individu qui inspira le film éponyme d'Henri-Georges Clouzot. Tulle
61%
Sport nautique dont les championnats du monde ont eu lieu à Brive sur le lac de Causse, en 2004 et en 2009, pour ce qui concerne la catégorie junior. L'aviron
55%
Rivière dont la précédente est un affluent, le confluent se trouvant au pont autoroutier de Granges, au sortir de Brive. La Vézère
50%
Figure de la mythologie païenne romaine associée au temps et à la mort. Le saint précédent renversa à Brive les idoles qui lui étaient vouées, en proclamant sa foi au Dieu unique, et ce au jour de la fête qui était consacrée à cette idole païenne. Il s'agit également du nom d'une planète du système solaire. Saturne
48%
Être qui terrorisa la ville durant l'année 1783 : la ___ de Brive. Bête
45%
Forme d'exécution par jets de pierres jusqu'à ce que la personne décède d'un traumatisme contondant. Exécution qu'a subi le saint précédent (réponse #10), ce qui a fait de lui un martyr. La lapidation
39%
Saint qui évangélisa la ville de Brive au Ve siècle. Saint Martin de Brive
34%
Aucun quiz correspondant
Distribution des résultats
% des personnes avec chaque résultat
Percentile par nombre de réponses
Votre historique - résultats
Vous n’avez pas pris ce quiz